Apprendre les couleurs en Italien - Statistiques

Statistiques générales
  • Ce quiz a été pris 56 fois
  • Le résultat moyen est 8 sur 18
Statistiques - réponses
Français Italien % Correct
Rouge Rosso
86%
Vert Verde
86%
Couleur Colore
81%
Bleu Blu
74%
Noir Nero
72%
Rose Rosa
72%
Blanc Bianco
67%
Marron Marrone
56%
Jaune Giallo
42%
Gris Grigio
37%
Violet Viola
35%
Argenté Argento
21%
Clair (couleur) Chiaro
21%
Doré Oro
21%
Foncé (couleur) Scuro
21%
Vert clair Verde chiaro
19%
Orange Arancione
16%
Bleu foncé Blu scuro
14%
Aucun quiz correspondant
Distribution des résultats
% des personnes avec chaque résultat
Percentile par nombre de réponses
Votre historique - résultats
Vous n’avez pas pris ce quiz